Statistics for Top 20 PL one club goalscorers

Click here to take the quiz!

General Stats

  • This quiz has been taken 24 times
  • The average score is 9 of 20

Answer Stats

GoalsAnswer% Correct
120Gerrard
86%
175Henry
81%
78Kane
81%
104Drogba
76%
84Ronaldo
71%
109Giggs
67%
122Aguero
67%
107Scholes
52%
100Le Tissier
43%
69Giroud
38%
95Van Nistelrooy
33%
87Bergkamp
33%
69Suarez
33%
62Beckham
33%
65Walcott
29%
62Pires
24%
62Toure
19%
91Solskjaer
14%
59Zola
5%
74Abonglahor
0%

Score Distribution

Percentile by Number Answered

Percent of People with Each Score

Your Score History

You have not taken this quiz